| 000 | 00456ntaaa2200169 4500 | ||
|---|---|---|---|
| 003 | 01 | ||
| 005 | 20251027202437.0 | ||
| 008 | 0714s1973 ag 01 | ||
| 040 |
_aAR-BaBN _bspa _cAR-BaBN _eaacr _dRIC |
||
| 082 | _a266.0000 G81 | ||
| 100 |
_aGregory, Harold D. _923307 |
||
| 245 | _aLocal missions, keystone of all mssions. | ||
| 250 |
_a1 ed. : _bExecutive Board Tennesse Baptist Convention, _cc1949 |
||
| 300 | _a176 p. | ||
| 650 | _aMisiones | ||
| 942 | _cBK | ||
| 999 |
_c19412 _d19412 |
||